ARRUPE JESUIT UNIVERSITY

CORONAVIRUS -STOP THE SPREAD - CLEAN,DISINFECT,COVER
Normal view MARC view

Entry Personal Name

Number of records used in: 1

001 - CONTROL NUMBER

  • control field: 52430

003 - CONTROL NUMBER IDENTIFIER

  • control field: ARRUPE

005 - DATE AND TIME OF LATEST TRANSACTION

  • control field: 20240215121252.0

008 - FIXED-LENGTH DATA ELEMENTS

  • fixed length control field: 240215|| aca||aabn | a|a d

040 ## - CATALOGING SOURCE

  • Original cataloging agency: ARRUPE
  • Transcribing agency: ARRUPE

100 ## - HEADING--PERSONAL NAME

  • Personal name: Alanbrooke, Alan Brooke,
  • Titles and other words associated with a name: Viscount,
  • Dates associated with a name: 1883-1963

670 ## - SOURCE DATA FOUND

  • Source citation: Work cat.: (ARRUPE)131795: Bryant, Arthur, 1899-1985. 52426, Triumph in the west, 1943-1946., 1959.

 

Arrupe Library. PO Box MP320 Mt Pleasant, Harare, Zimbabwe
263 242 745411|librarian@aju.ac.zw